| 000 | 00000nam 2200000zi 4500 |
| 001 | 9.931956 |
| 003 | CaOODSP |
| 005 | 20241119155054 |
| 006 | m o d f |
| 007 | cr |n||||||||| |
| 008 | 231229e198201##qucdb ob f|0| 0 fre d |
| 040 | |aCaOODSP|bfre|erda|cCaOODSP |
| 041 | |afre|bfre|beng |
| 043 | |an-cn-qu |
| 086 | 1 |aCW66-1470/1982F-PDF |
| 100 | 1 |aLehoux, Denis, |eauteur. |
| 245 | 10|aÉtude comparative des différentes méthodes de surveillance des oiseaux forestiers suite à des épandages experimentaux d'insecticides / |cpar Denis Lehoux, Réginald Ouellet et Pierre Laporte. |
| 264 | 1|a[Sainte-Foy, Québec] : |bService canadien de la faune, |cjanvier 1982. |
| 300 | |a1 ressource en ligne (xii, 108, [1] pages) : |bcartes, graphiques |
| 336 | |atexte|btxt|2rdacontent/fre |
| 337 | |ainformatique|bc|2rdamedia/fre |
| 338 | |aressource en ligne|bcr|2rdacarrier/fre |
| 500 | |aÉdition numérisée de l’imprimé [par Environnement et changement climatique Canada]. |
| 504 | |aComprend des références bibliographiques (pages 88-92). |
| 546 | |aComprend un résumé en anglais. |
| 650 | 6|aOiseaux des forêts|xEffets des insecticides sur|zQuébec (Province) |
| 650 | 6|aOiseaux des forêts|xSurveillance|zQuébec (Province) |
| 650 | 0|aForest birds|xEffect of insecticides on|zQuébec (Province) |
| 650 | 0|aForest birds|xMonitoring|zQuébec (Province) |
| 710 | 2 |aService canadien de la faune, |eorganisme de publication. |
| 856 | 40|qPDF|s3.25 Mo|uhttps://publications.gc.ca/collections/collection_2024/eccc/cw66/CW66-1470-1982-fra.pdf |